Consideraciones en torno al problema de la teoría del espacio referida a las políticas y tecnologías de vivienda

محفوظ في:
التفاصيل البيبلوغرافية
المؤلف الرئيسي: Jankilevich, Carlos
التنسيق: نص
منشور في: Heredia: Universidad Nacional
الوسوم: إضافة وسم
لا توجد وسوم, كن أول من يضع وسما على هذه التسجيلة!

MARC

LEADER 00000 a a2200000 04500
001 20368
003
040
090 |a 084900  
100 |a Jankilevich, Carlos  
245 |a Consideraciones en torno al problema de la teoría del espacio referida a las políticas y tecnologías de vivienda  
260 |a Heredia:   |b Universidad Nacional  
300 |a 57 p.  
999 |c 1134  |d 1134